000 00223 a2200097 4500
001 20069
100 _aThurstom A P
245 _aMolesworths aero engrs pocketbook
260 _a
_bE & F N Spon Ltd
_c
090 _c14663
_d14663
942 _aNUST-CAE
_cM
_c5184
999 _c255142
_d255142